| 000 | 00500nam a22001817a 4500 | ||
|---|---|---|---|
| 008 | 230612b |||||||| |||| 00| 0 eng d | ||
| 040 |
_aNational Science Library _cNational Science Library |
||
| 080 |
_aR 92Vajpayee _bP1 |
||
| 245 | _aJananayak | ||
| 260 |
_aPune: _bShri Gandharva-Ved Prakashan, _c2001 |
||
| 300 | _a552p. | ||
| 365 |
_b4000.00 _cINR |
||
| 650 | _aGeography | ||
| 653 | _aAtalji | ||
| 700 | _aLele, Arvind (Ed.) | ||
| 700 | _aChari, Seshadri (Ed.) | ||
| 942 |
_2udc _cREF |
||
| 999 |
_c42172 _d42172 |
||